MARC details
| 000 -LEADER |
| fixed length control field |
01218nam a22002777a 4500 |
| 003 - CONTROL NUMBER IDENTIFIER |
| control field |
OSt |
| 005 - DATE AND TIME OF LATEST TRANSACTION |
| control field |
20260319194656.0 |
| 008 - FIXED-LENGTH DATA ELEMENTS--GENERAL INFORMATION |
| fixed length control field |
230824b ||||| |||| 00| 0 eng d |
| 040 ## - CATALOGING SOURCE |
| Transcribing agency |
0 |
| 082 ## - DEWEY DECIMAL CLASSIFICATION NUMBER |
| Classification number |
DPer 370.15 J826 October-November 2020 v. 112 n. 7-8 |
| 100 ## - MAIN ENTRY--PERSONAL NAME |
| Personal name |
Bichler, Sarah. |
| Relator term |
author. |
| 9 (RLIN) |
48753 |
| 245 ## - TITLE STATEMENT |
| Title |
How working memory capacity and shifting matter for learning with work examples : |
| Remainder of title |
a replication study / |
| Statement of responsibility, etc. |
Sarah Bichler, Matthias Schwaighofer, Matthias Stadler, Markus Bühner, Samuel Greiff , and Frank Fischer. |
| 260 ## - PUBLICATION, DISTRIBUTION, ETC. (IMPRINT) |
| Place of publication, distribution, etc. |
Washington ; |
| Name of publisher, distributor, etc. |
American Psychological Association , |
| Date of publication, distribution, etc. |
October 2020. |
| 300 ## - PHYSICAL DESCRIPTION |
| Extent |
Volume 112, pages 1320-1337 : |
| Other physical details |
illustration ; |
| Dimensions |
28 cm. |
| 500 ## - GENERAL NOTE |
| General note |
Journal of Educational Psychology, vol. 112, no. 7, pages 1320-1337, October 2020. |
| 650 ## - SUBJECT ADDED ENTRY--TOPICAL TERM |
| Topical term or geographic name as entry element |
Psychology of learning. |
| 9 (RLIN) |
48754 |
| 650 ## - SUBJECT ADDED ENTRY--TOPICAL TERM |
| Topical term or geographic name as entry element |
Problem solving. |
| 9 (RLIN) |
48755 |
| 650 ## - SUBJECT ADDED ENTRY--TOPICAL TERM |
| Topical term or geographic name as entry element |
Intellect. |
| 9 (RLIN) |
19632 |
| 700 ## - ADDED ENTRY--PERSONAL NAME |
| Personal name |
Bichler, Sarah. |
| Relator term |
author. |
| 9 (RLIN) |
48753 |
| 700 ## - ADDED ENTRY--PERSONAL NAME |
| Personal name |
Schwaighofer, Matthias. |
| Relator term |
author. |
| 9 (RLIN) |
48756 |
| 700 ## - ADDED ENTRY--PERSONAL NAME |
| Personal name |
Stadler, Matthias. |
| Relator term |
author. |
| 9 (RLIN) |
48757 |
| 700 ## - ADDED ENTRY--PERSONAL NAME |
| Personal name |
Bühner, Markus. |
| Relator term |
author. |
| 9 (RLIN) |
48758 |
| 700 ## - ADDED ENTRY--PERSONAL NAME |
| Personal name |
Greiff, Samuel. |
| Relator term |
author. |
| 9 (RLIN) |
48759 |
| 700 ## - ADDED ENTRY--PERSONAL NAME |
| Personal name |
Fischer, Frank. |
| Relator term |
author. |
| 9 (RLIN) |
65655 |
| 942 ## - ADDED ENTRY ELEMENTS (KOHA) |
| Source of classification or shelving scheme |
Dewey Decimal Classification |
| Koha item type |
Periodicals |